LEADER 02910nam 2200505 450 001 9910480897303321 005 20180509074103.0 035 $a(CKB)4100000003043757 035 $a(MiAaPQ)EBC5351530 035 $a(DLC) 2017059315 035 $a(EXLCZ)994100000003043757 100 $a20180516d2018 uy 0 101 0 $aeng 135 $aurcnu|||||||| 181 $ctxt$2rdacontent 182 $cc$2rdamedia 183 $acr$2rdacarrier 200 00$aGermanic genitives /$fedited by Tanja Ackermann, FU Berlin ; Horst J. Simon, FU Berlin ; Christian Zimmer, FU Berlin 210 1$aAmsterdam ;$aPhiladelphia :$cJohn Benjamins Publishing Company,$d[2018] 210 4$d©2018 215 $a1 online resource (335 pages) 225 1 $aStudies in language companion series ;$vVolume 193 311 $a90-272-0023-8 311 $a90-272-6447-3 320 $aIncludes bibliographical references and index. 327 $aIntroductory overview -- Genitives in Germanic / Christian Zimmer, Horst J. Simon & Tanja Ackermann -- Portraits of lesser studied languages. A new perspective on the Luxembourgish genitive / Caroline Dohmer -- Frisian genitives: From Old Frisian to the modern dialects / Jarich Hoekstra -- Genitive markers and their destinies. On the motivation of genitive-s omission in Contemporary German / Christian Zimmer -- From genitive suffix to linking element: A corpus study on the genesis and productivity of a new compounding pattern in (Early) New High German / Kristin Kopf -- The development of non-paradigmatic linking elements in Faroese and the decline of the genitive case / Hjalmar P. Petersen & Renata Szczepaniak -- "Genitives" in nominal configurations. The Genitive Rule and its background / Peter Gallmann -- From genitive inflection to possessive marker? The development of German possessive -s with personal names / Tanja Ackermann -- Yiddish possessives as a case for genitive case / Kerstin Hoge -- Genitives and their functional competitors. Genitives and proper name compounds in German / Barbara Schlucker -- On the role of cases and possession in Germanic: A typological approach / Kurt Braunm©oller. 410 0$aStudies in language companion series ;$vVolume 193. 606 $aGermanic languages$xCase$vCongresses 606 $aGermanic languages$xPossessives$vCongresses 606 $aGrammar, Comparative and general$xMorphosyntax$vCongresses 608 $aElectronic books. 615 0$aGermanic languages$xCase 615 0$aGermanic languages$xPossessives 615 0$aGrammar, Comparative and general$xMorphosyntax 676 $a430/.045 702 $aAckermann$b Tanja 702 $aSimon$b Horst J. 702 $aZimmer$b Christian$f1987- 801 0$bMiAaPQ 801 1$bMiAaPQ 801 2$bMiAaPQ 906 $aBOOK 912 $a9910480897303321 996 $aGermanic genitives$91938716 997 $aUNINA LEADER 03182nam 2200613 a 450 001 9910782352003321 005 20200520144314.0 010 $a1-281-92626-4 010 $a9786611926267 010 $a90-474-1991-X 024 7 $a10.1163/ej.9789004157231.i-242 035 $a(CKB)1000000000549653 035 $a(EBL)468356 035 $a(OCoLC)646788998 035 $a(SSID)ssj0000185529 035 $a(PQKBManifestationID)11170706 035 $a(PQKBTitleCode)TC0000185529 035 $a(PQKBWorkID)10210854 035 $a(PQKB)10671513 035 $a(MiAaPQ)EBC468356 035 $a(OCoLC)126231281 035 $a(nllekb)BRILL9789047419914 035 $a(Au-PeEL)EBL468356 035 $a(CaPaEBR)ebr10270767 035 $a(CaONFJC)MIL192626 035 $a(PPN)174389779 035 $a(EXLCZ)991000000000549653 100 $a20070510d2007 uy 0 101 0 $aeng 135 $aur|n#---u||uu 181 $ctxt 182 $cc 183 $acr 200 14$aThe jeune e?cole$b[electronic resource] $ethe strategy of the weak /$fby Arne Roksund 210 $aLeiden ;$aBoston $cBrill$d2007 215 $a1 online resource (260 p.) 225 1 $aHistory of warfare ;$v43 300 $aDescription based upon print version of record. 311 $a90-04-15723-9 320 $aIncludes bibliographical references (p. [233]-237) and index. 327 $aPreliminary Material / A. Røksund -- Chapter One. The Theoretical Foundation Of The Jeune École / A. Røksund -- Chapter Two. The Jeune École In Office / A. Røksund -- Chapter Three. The Legacy Of The Jeune École / A. Røksund -- Chapter Four. The Fashoda Crisis And The Development Of A Modern Navy / A. Røksund -- Chapter Five. The Revitalisation Of The Jeune École / A. Røksund -- Conclusion / A. Røksund -- Appendix: Ministers Of Marine 1870?1914 / A. Røksund -- Bibliography / A. Røksund -- Index / A. Røksund. 330 $aAnglo-American theoreticians have to a large extent dominated the formulation and study of modern naval strategy in Western countries. This Anglo-American dominance has resulted in a focus on how the superior power should exploit its superiority in order to realize its strategic objectives. The present study differs from other books on naval strategy by analysing a military strategy for the inferior power instead. Along with Tirpitz?s ?risk theory?, The Jeune École is the most significant maritime strategy dealing with the dilemmas facing the weaker navy. This French body of naval thought is distinguished from other strategies of the weak by its elaborate prescriptions for the offensive use of naval forces. This book represents an unprecedented study of The Jeune École based on hitherto unexploited and unpublished primary sources from the Service Historique de la Marine . 410 0$aHistory of warfare ;$v43. 606 $aNaval strategy 615 0$aNaval strategy. 676 $a359.4 700 $aRoksund$b Arne$01495901 801 0$bMiAaPQ 801 1$bMiAaPQ 801 2$bMiAaPQ 906 $aBOOK 912 $a9910782352003321 996 $aThe jeune e?cole$93720292 997 $aUNINA